Les chiffres romains - Statistiques

Statistiques générales
  • Ce quiz a été pris 278 fois
    110 depuis la dernière actualisation
  • Le résultat moyen est 31 sur 50
Statistiques - réponses
Hint Réponse % Correct
Les 7 signes utilisés M
100%
Les 7 signes utilisés I
99%
Les 7 signes utilisés L
99%
Les 7 signes utilisés V
99%
Les 7 signes utilisés X
99%
Les 7 signes utilisés C
96%
Valeurs des signes I 1
94%
Les 7 signes utilisés D
93%
Valeurs des signes X 10
92%
Valeurs des signes C 100
92%
Valeurs des signes V 5
92%
Valeurs des signes L 50
92%
Convertir en chiffres romains 4 IV
92%
Valeurs des signes M 1000
90%
Valeurs des signes D 500
90%
Convertir en chiffres romains 101 CI
89%
Convertir en chiffres romains 1529 MDXXIX
89%
Convertir en chiffres romains 36 XXXVI
89%
Convertir en chiffres arabes IX 9
88%
Convertir en chiffres arabes DCCLVI 756
86%
Convertir en chiffres romains 2578 MMDLXXVIII
86%
Emploi des chiffres romains (compléter le mot manquant) S - Temps XIVe {siècle}
86%
Convertir en chiffres arabes LXXIII 73
84%
Emploi des chiffres romains (compléter le mot manquant) R - Régime La Ve {République}
78%
Convertir en chiffres arabes MCMLXVI 1966
76%
Convertir en chiffres arabes MMMDCCCXCI 3891
75%
Emploi des chiffres romains (compléter le mot manquant) L - Souverain {Louis} XIV
73%
Quelques opérations (résultat en chiffres romains) 88 - 27 = LXI
59%
Emploi des chiffres romains (compléter le mot manquant) M - Temps IIIe {millénaire}
55%
Emploi des chiffres romains (compléter le mot manquant) A - Temps L'{an} XII de la République
54%
Emploi des chiffres romains (compléter le mot manquant) A - Lieu Le XVIIIe {arrondissement}
47%
Quelques opérations (résultat en chiffres romains) 1497 + 678 = MMCLXXV
47%
Emploi des chiffres romains (compléter le mot manquant) A - Troupes La IXe {Armée}
43%
Quelques opérations (résultat en chiffres romains) XXVI + XXXIX = LXV
39%
Quelques opérations (résultat en chiffres romains) (3491 + 8) - 1748 = MDCCLI
39%
Quelques opérations (résultat en chiffres romains) 1977 - 85 = MDCCCXCII
36%
Emploi des chiffres romains (compléter le mot manquant) M - Heure {Midi} s'écrit XII sur un cartel
35%
Quelques opérations (résultat en chiffres romains) 114 x 12 / 4 = CCCXLII
34%
Quelques opérations (résultat en chiffres romains) CXLVIII + LXIII = CCXI
34%
Emploi des chiffres romains (compléter le mot manquant) C - Part d'ouvrage Le {chapitre} XXXIV
34%
Quelques opérations (résultat en chiffres romains) 962 / 13 = LXXIV
34%
Quelques opérations (résultat en chiffres romains) 47 x 18 = DCCCXLVI
30%
Quelques opérations (résultat en chiffres romains) MMMDXLI - DCCLXII = MMDCCLXXIX
27%
Quelques opérations (résultat en chiffres romains) XLIII x LXIII = MMDCCIX
20%
Emploi des chiffres romains (compléter le mot manquant) U - Lieu {Université} Paris IX
19%
Emploi des chiffres romains (compléter le mot manquant) S - Evénement Le XXIe {Salon} du livre
14%
Quelques opérations (résultat en chiffres romains) (DCCCLXIII x II) + XLIV / V = CCCLIV
10%
Emploi des chiffres romains (compléter le mot manquant) A - Part d'ouvrage {Acte} II
6%
Quelques opérations (résultat en chiffres romains) (MMXXIII - XXVII) / II + LIII = MXLI
1%
Emploi des chiffres romains (compléter le mot manquant) V -Enregistrement {Visa} MMIII
1%
Aucun quiz correspondant
Distribution des résultats
% des personnes avec chaque résultat
Percentile par nombre de réponses
Votre historique - résultats
Vous n’avez pas pris ce quiz depuis la dernière actualisation